OS/FOBOS 2 Fortran : příručka programátora

Salvato in:
Dettagli Bibliografici
Natura: Libro
Lingua:ceco
Pubblicazione: Praha TESLA ELTOS 1983
Edizione:2. uprav. vyd.
Tags: Aggiungi Tag
Nessun Tag, puoi essere il primo ad aggiungerne!!

MARC

LEADER 00000nam a2200000 4500
001 c107566
005 20041019155139.3
041 0 |a cze 
044 |a CZ 
245 1 0 |a OS/FOBOS 2  |b Fortran : příručka programátora 
250 |a 2. uprav. vyd. 
264 1 |a Praha  |b TESLA ELTOS  |c 1983 
300 |a 159 s.